Estudio prc̀tico del ISR e IVA de Bienes Inmuebles para personas fs̕icas 2016

Bibliographic Details
Main Author: Da̕z Castrejn̤, Benjamn̕
Format: Book
Language:Spanish
Published: Mx̌ico Ediciones Fiscales ISEF 2016
Subjects:
Online Access:Acceso restringido

MARC

LEADER 00000nam a22000007a 4500
005 20160607114812.0
007 cr|||| ||u|
008 160607s2016 mx ||||| |||| 00||0 spa d
020 |a 978-607-406-808-5 
035 |a 14282 
040 |a vLex 
090 |c 6161  |d 6161 
100 1 |a Da̕z Castrejn̤, Benjamn̕  
245 1 0 |a Estudio prc̀tico del ISR e IVA de Bienes Inmuebles para personas fs̕icas 2016  |h [Recurso electrn̤ico] /  |c Benjamn̕ Da̕z Castrejn̤  
256 |a Servicio en ln̕ea 
260 |a Mx̌ico  |b Ediciones Fiscales ISEF  |c 2016 
300 |a 1 recurso electrn̤ico  
500 |a  Esta obra estimado lector le ayudar ̀a interpretar con ms̀ facilidad las disposiciones fiscales en materia de inmuebles por arrendamiento, enajenacin̤ o adquisicin̤ de inmuebles. 
506 1 |a Contenido solo disponible en los productos indicados  |d vLex Global  |d vLex Global (Academic Edition, excluding Law Schools)  |d vLex Global (U.S. Academic Edition, Law Schools)  |d vLex Global (U.S. Academic Edition, excluding Law Schools)  |d vLex Global (Academic Edition, Law Schools) 
650 0 4 |a Derecho  |z Mx̌ico 
740 0 |a vLex libros (servicio en ln̕ea)  
856 4 0 |u http://vlex.com/source/estudio-practico-del-isr-e-iva-de-bienes-inmuebles-para-personas-fisicas-2016-14282  |z Acceso restringido 
942 |c BOOK